00613cam a22001937a 4500003000500000005001700005008004100022010001000063011001000073035001000083040000900093110004800102245008800150260009100238300001000329490002600339650002800365830002600393CHAP20220329141412.0971013s1988 r 00010 d a67588 a68560 a78033 cCHAP aFAO. Oficina Regional para América Latina13aLa formación de profesionales de ciencias agrarias para una agricultura en crisis aSantiago, Chile :bOficina Regional de la FAO para América Latina y el Caribe,c1988 a27 p. 0aDesarrollo ruralv; 614aEducación agrícola. 0aDesarrollo ruralv; 6